<?xml version="1.0" encoding="UTF-8"?>
<collection xmlns="http://www.loc.gov/MARC21/slim">
 <record>
  <leader>01391nam a2200181Ia 4500</leader>
  <controlfield tag="001">TDMU_29885</controlfield>
  <controlfield tag="008">210410s9999    xx            000 0 und d</controlfield>
  <datafield tag="082" ind1=" " ind2=" ">
   <subfield code="a">657.45</subfield>
  </datafield>
  <datafield tag="090" ind1=" " ind2=" ">
   <subfield code="b">H407</subfield>
  </datafield>
  <datafield tag="100" ind1=" " ind2=" ">
   <subfield code="a">Hoàng, Thị Thủy</subfield>
  </datafield>
  <datafield tag="245" ind1=" " ind2="0">
   <subfield code="a">Kế toán doanh thu, chi phí và xác định kết quả kinh doanh tại công ty Trách nhiệm hữu hạn Một thành viên Thương mại dịch vụ Minh Hoàng Phát Vina</subfield>
  </datafield>
  <datafield tag="260" ind1=" " ind2=" ">
   <subfield code="a">Bình Dương, 2017</subfield>
  </datafield>
  <datafield tag="300" ind1=" " ind2=" ">
   <subfield code="a">64 tr</subfield>
  </datafield>
  <datafield tag="520" ind1=" " ind2=" ">
   <subfield code="a">Chuyên ngành: Kế toán; Đồng ý cho sao chép 30% tài liệu; TM tài liệu tham khảo tr. 64; Khóa luận tốt nghiệp Đại học trường Đại học Thủ Dầu Một, 2013 - 2017; Khóa luận gồm: Cơ sở lý luận về công tác kế toán doanh thu, chi phí và xác định kết quả kinh doanh trong doanh nghiệp; tình hình thực tế kế toán doanh thu, chi phí và xác định kết quả kinh doanh tại công ty TNHH MTV TM DV Minh Hoàng Phát Vina ; nhận xét và kiến nghị  </subfield>
  </datafield>
  <datafield tag="650" ind1=" " ind2=" ">
   <subfield code="a">Khóa luận; Kế toán</subfield>
   <subfield code="x">Doanh thu</subfield>
   <subfield code="x">Chi phí</subfield>
   <subfield code="x">Kết quả kinh doanh</subfield>
  </datafield>
  <datafield tag="700" ind1=" " ind2=" ">
   <subfield code="a">Phạm, Ngọc Toàn</subfield>
  </datafield>
  <datafield tag="856" ind1=" " ind2=" ">
   <subfield code="u">http://lrc.tdmu.edu.vn/opac/search/detail.asp?aID=2&amp;ID=29885</subfield>
  </datafield>
  <datafield tag="980" ind1=" " ind2=" ">
   <subfield code="a">Trung tâm Học liệu Trường Đại học Thủ Dầu Một</subfield>
  </datafield>
 </record>
</collection>
